| 000 | 00583nam a2200181 i 4500 | ||
|---|---|---|---|
| 001 | 32322 | ||
| 003 | ES-MaACL | ||
| 005 | 20250927063034.0 | ||
| 007 | t| | ||
| 008 | 030131s1980 sp ||||1| spa d | ||
| 100 | 1 |
_aBennassar, Bartolomé, _d1929- _927727 |
|
| 245 | 1 | 3 |
_aLa América española y la América portuguesa _b: siglos XVI-XVIII / _cBartolomé Bennassar ; [traducción Carmen Artal]. |
| 260 |
_a[Madrid] : _bAkal, _c[1980] |
||
| 300 |
_a280 p. ; _c17 cm. |
||
| 700 | 1 |
_aArtal, Carmen. _923417 |
|
| 852 |
_aES-MaACL _jC-48178 _bR.101173 |
||
| 999 |
_c32322 _d32322 |
||